El ciclo de la ilusión y el desencanto (Registro nro. 4446)

Detalles MARC
000 -LEADER
fixed length control field 01379 a2200229 4500
001 - CONTROL NUMBER
control field 47733
005 - DATE AND TIME OF LATEST TRANSACTION
control field 20260407155743.0
008 - FIXED-LENGTH DATA ELEMENTS--GENERAL INFORMATION
fixed length control field 260407a2010 arg spa d
003 - CONTROL NUMBER IDENTIFIER
control field AR-UNSa-BCEJYS
040 ## - CATALOGING SOURCE
Original cataloging agency AR-UNSa-BCEJYS
Language of cataloging spa
Transcribing agency AR-UNSa-BCEJYS
080 ## - UNIVERSAL DECIMAL CLASSIFICATION NUMBER
Universal Decimal Classification number 338.2(82)
Common auxiliary subdivision Política económica. Control de la economía. Gestión de la economía. Planificación económica en Argentina
020 ## - INTERNATIONAL STANDARD BOOK NUMBER
International Standard Book Number 978-950-04-2893-4
100 1# - MAIN ENTRY--PERSONAL NAME
Personal name Gerchunoff, Pablo
245 10 - TITLE STATEMENT
Title El ciclo de la ilusión y el desencanto
Name of part/section of a work un siglo de políticas económicas argentinas
264 #1 - PRODUCTION, PUBLICATION, DISTRIBUTION, MANUFACTURE, AND COPYRIGHT NOTICE
Place of production, publication, distribution, manufacture Buenos Aires :
Name of producer, publisher, distributor, manufacturer Emecé
Date of production, publication, distribution, manufacture, or copyright notice 2010
300 ## - PHYSICAL DESCRIPTION
Extent 527 p.
Dimensions 23 cm.
505 ## - FORMATTED CONTENTS NOTE
Formatted contents note 1. La generación del progreso (1880-1914) - 2. Últimas imágenes de un modelo (1914-1929) - 3. La política económica en tiempos de crisis (1929-1940) - 4. Ascenso y apogeo peronista (1940-1949) - 5. Del paraíso peronista a la crisis del desarrollo (1949-1958) - 6. El impulso desarrollista (1958-1963) - 7. Una primavera económica (1963-1973) - 8. Vértigo económico en tiempos violentos (1973-1983) - 9. La democracia y el difícil gobierno de la economía (1983-1989) - 10. Grandes expectativas, grandes decepciones (1989-2001).
590 ## - LOCAL NOTE (RLIN)
Local note niveau_biblio:m niveau_hierar:0
700 1# - ADDED ENTRY--PERSONAL NAME
Personal name Llach, Lucas
856 41 - ELECTRONIC LOCATION AND ACCESS
Uniform Resource Identifier <a href="https://www.biblioeco.unsa.edu.ar/pmb/images/libros/L127650.jpg">https://www.biblioeco.unsa.edu.ar/pmb/images/libros/L127650.jpg</a>
Link text Imagen de portada
Electronic format type image/jpeg
942 ## - ADDED ENTRY ELEMENTS (KOHA)
Koha item type
Existencias
Withdrawn status Lost status Damaged status Not for loan Home library Current library Shelving location Date acquired Total checkouts Full call number Barcode Date last seen Price effective from Koha item type
        Biblioteca Prof. Eusebio Cleto del Rey Biblioteca Prof. Eusebio Cleto del Rey   07/04/2026   338.2(82) G365 L127650 07/04/2026 07/04/2026 Libro